Từ điển chủ điểm Hán-Việt hiện đại

Đã lưu trong:
书目详细资料
格式: 未知
出版: 2004
标签: 添加标签
没有标签, 成为第一个标记此记录!
Thư viện lưu trữ: Mạng thư viện Đại học Đà Nẵng
LEADER 00470na a2200181 4500
001 000032331
003 8412
005 20151002091330.0
008 151002s2004 000
082 |a 495.13 
245 |a Từ điển chủ điểm Hán-Việt hiện đại  |c Trương Văn Giới 
260 |c 2004 
OWN |a LNN 
999 |a From the UDN01 
TYP |a Printed language 
980 |a Mạng thư viện Đại học Đà Nẵng